| Поле | Инд. | ПП | Название | Значение |
|---|---|---|---|---|
| Тип записи | a | |||
| Библиографический уровень | m | |||
| 001 | Контрольный номер | 8de04e3c9e944f5781b6d43dde0b89d7 | ||
| 005 | Дата корректировки | 20251029163923.8 | ||
| 020 | a | ISBN | 978-5-222-42844-3 | |
| c | Цена, тираж | 149-00 | ||
| 084 | a | Индекс другой классификации/Индекс ББК | 84(2=411.2)1 | |
| 090 | a | Полочн. индекс | 84(2=411.2)1 | |
| c | Каталожный индекс | 84(2=411.2)1 | ||
| x | Авторский знак | Ч-56 | ||
| 091 | i | Возрастная адресация (DOS) | 6+ | |
| 097 | b | Оператор | Кондратьева | |
| 100 | 1_ | a | Автор | Чехов А. П. |
| q | Полное имя | Чехов Антон Павлович | ||
| 245 | 10 | a | Заглавие | Рассказы |
| b | Продолж. заглавия | [6+] | ||
| 250 | a | Основные сведения об издании | 8-е изд. | |
| 260 | a | Место издания | Ростов-на-Дону | |
| b | Издательство | Феникс | ||
| c | Дата издания | 2025 | ||
| 300 | a | Объем | 63 с. | |
| 440 | _0 | a | Серия | Школьная программа по чтению |
| 440 | _0 | a | Серия | Начальная школа |
| 500 | a | Примечание | Содержание : Хирургия. Хамелеон. Лошадиная фамилия. Злоумышленник. Толстый и тонкий | |
| 900 | a | Имя макрообъекта | о15714571 | |
| 901 | t | Тип документа | m |